000 01388nam a2200121Ia 4500
008 220615s9999||||xx |||||||||||||| ||und||
100 _aOjovan, Michael I||Hyatt, Neil C.
245 0 _aMaterials for Nuclear Waste Immobilization
546 _aEnglish[eng]
650 _aactinides||corrosion||modeling||paper sludge ash||americium||geological repository||seawater||burnup credit||spark plasma sintering||glass composite materials||spent nuclear fuel||leaching processes||zeolite polymer composite fiber||crystalline ceramics||glass||lanthanum||inorganic synthesis||durability||leaching||layered double hydroxides LDH||plutonium||sedimentation||conditioning||criticality safety||uranium||radionuclide||sintering||vitrification||rare earth elements||loading curves||silver iodide||forward dissolution rate||caesium phosphomolybdate||waste form||fractional release||alkali borosilicate glass||immobilisation||iodine||lesukite||geopolymer||radioactive cesium||ceramics||cesium adsorbed||immobilization||wasteforms||secondary phases||cesium||safe storage||borosilicate glass corrosion||research reactor fuel element U3Si2-Al||strontium||in situ fluid-cell Raman spectroscopy||magnesium potassium phosphate compound||chlorine||neodymium||zirconium molybdate||heavy ion irradiation||nuclear waste||microscopy||hazardous water
856 _uhttps://www.mdpi.com/books/pdfview/book/1934
942 _cEB
999 _c9735
_d9735